Loading...

Vallatholkkavitha (m)

Bibliografiske detaljer
Hovedforfatter: Kavitha Samithi
Format: Printed Book
Fag:
LEADER 00391nam a2200157 4500
082
100 |a Kavitha Samithi 
245 |a Vallatholkkavitha (m) 
250
260
300 |a 100 p 
490
650 |a Malayalam poetry criticism-- Malayalam literature 
942 |c BK 
999 |c 221980  |d 221980 
952 |0 0  |1 0  |4 0  |7 0  |9 236113  |a SDE  |b SDE  |d 2019-12-12  |l 0  |p SDE1265  |r 2019-12-12  |w 2019-12-12  |y BK